| 000 | 02424nam a2200397 a 4500 | ||
|---|---|---|---|
| 001 | ebr10494603 | ||
| 003 | CaPaEBR | ||
| 006 | m o u | ||
| 007 | cr cn||||||||| | ||
| 008 | 110408s2011 enka sb 001 0 eng d | ||
| 010 | _z 2011015207 | ||
| 020 | _z9781405184304 (pbk. : alk. paper) | ||
| 020 | _z1405184302 (pbk. : alk. paper) | ||
| 020 | _z9781444346138 (ePub) | ||
| 020 | _z9781444346145 (Mobi) | ||
| 020 | _z9781444346121 (e-book) | ||
| 040 |
_aCaPaEBR _cCaPaEBR |
||
| 035 | _a(OCoLC)756279379 | ||
| 043 | _ae-uk--- | ||
| 050 | 1 | 4 |
_aRC674 _b.N89 2011eb |
| 082 | 0 | 4 |
_a616.1/20231 _223 |
| 245 | 0 | 0 |
_aNursing the cardiac patient _h[electronic resource] / _cedited by Melanie Humphreys. |
| 260 |
_aChichester, West Sussex, U.K. : _bWiley-Blackwell, _c2011. |
||
| 300 |
_axvii, 259 p. : _bill. |
||
| 490 | 1 | _aEssential clinical skills for nurses | |
| 504 | _aIncludes bibliographical references and index. | ||
| 505 | 0 | _aAcute coronary syndromes in perspective / Melanie Humphreys -- Reducing the risk : primary care initiatives / Melanie Humphreys and Brenda Cottam -- Assessment of the cardiovascular system / Jackie Yonker -- Diagnosing acute coronary syndrome / John McGowan -- Unstable angina / John McGowan -- Non-ST segment elevation infarction / Melanie Humphreys -- ST segment elevation infarction / Claire Rushton -- Therapeutic intervention in acute coronary syndromes / Jan Keenan -- Cardiothoracic care / Debbie Danitsch -- Arrhythmias and their management / Melanie Humphreys and Celia Warlow -- Emergency cardiac care / Melanie Humphreys and Lisa Cooper -- Chronic cardiac conditions and their management / Ian Jones and Ann Dormer -- Cardiac rehabilitation / Tim Grove -- Secondary prevention within the community / Tim Grove -- Ethical issues in cardiac care / Pauline Walsh and Fiona Foxall. | |
| 533 |
_aElectronic reproduction. _bPalo Alto, Calif. : _cebrary, _d2015. _nAvailable via World Wide Web. _nAccess may be limited to ebrary affiliated libraries. |
||
| 650 | 0 |
_aHeart _xDiseases _xNursing _zGreat Britain. |
|
| 650 | 0 |
_aHeart _xDiseases _xPatients _xNursing _zGreat Britain. |
|
| 655 | 7 |
_aElectronic books. _2local |
|
| 700 | 1 | _aHumphreys, Melanie. | |
| 710 | 2 | _aebrary, Inc. | |
| 830 | 0 | _aEssential clinical skills for nurses. | |
| 856 | 4 | 0 |
_uhttp://site.ebrary.com/lib/rucke/Doc?id=10494603 _zAn electronic book accessible through the World Wide Web; click to view |
| 999 |
_c232314 _d232314 |
||